00818nam a22002777a 4500003000500000005001700005008004100022010001000063011001000073020001500083035001000098040000900108082002200117110000800139245016100147260002400308300001000332410000800342490004200350650002500392650002600417700002700443700002000470810000800490830004200498CHAP20220817043928.0040303d2002 it rn 00110 eng d a88122 a89094 a9251048339 a99643 cCHAP04a639.2bF3 v.408/22 aFAO10aPromotion of sustainable commercial aquaculture in sub-Saharan Africa :bv.2 investment and economic feasibilityc/by Nathanael Hishamunda and Peter Manning aRome :bFAO,c2002. a54 p.00aFAO 0aDocumento técnico de pescav; 408/214aAcuiculturazAfrica.14aPisciculturaxAfrica.0 aHishamunda, Nathanael.0 aManning, Peter.0 aFAO00aDocumento técnico de pescav; 408/2